[Event "FRA-chT Top 12 (Women) GpA"]
[Site "Mulhouse"]
[Date "2016.05.05"]
[Round "1.3"]
[White "Haussernot, Cecile"]
[Black "Millet, Maud"]
[Result "1-0"]
[WhiteElo "2087"]
[BlackElo "1977"]
[PlyCount "79"]
[EventDate "2016.05.05"]
[EventType "team-tourn"]
[EventRounds "5"]
[EventCountry "FRA"]
[SourceTitle "CBM 172 Extra"]
[Source "ChessBase"]
[SourceDate "2016.06.21"]
[SourceVersion "1"]
[SourceVersionDate "2016.06.21"]
[SourceQuality "1"]
[WhiteTeam "Montpellier (W)"]
[BlackTeam "Juvisy (W)"]
[WhiteTeamCountry "FRA"]
[BlackTeamCountry "FRA"]

1. e4 d6 2. d4 e5 3. Nf3 Nf6 4. dxe5 Nxe4 5. Bc4 Be6 6. Bxe6 fxe6 7. 0-0 Nc6 8. exd6 cxd6 9. Qe2 d5 10. Nbd2 Nc5 11. c3 Qf6 12. Nd4 Nxd4 13. cxd4 Qxd4 14. Nb3 Qd3 15. Qe5 Qg6 16. Be3 Nxb3 17. axb3 a6 18. Rac1 Qf6 19. Qc7 Qe7 20. Qb6 Qd6 21. Qxb7 Rb8 22. Qa7 Rd8 23. Bb6 Rd7 24. Rc8+ Kf7 25. Qxa6 d4 26. Qb5 Qd5 27. Bc5 Bxc5 28. Rxh8 d3 29. Qb8 d2 30. Rd1 Qd4 31. Qg3 h6 32. Qf3+ Kg6 33. Qg3+ Kf6 34. h4 Rd5 35. Qc3 e5 36. Qf3+ Kg6 37. h5+ Kg5 38. Qf7 e4 39. g3 Qf6 40. Qxd5+ 1-0

[Event "FRA-chT2 0910"]
[Site "France"]
[Date "2009.10.18"]
[Round "3.8"]
[White "Pays, Natacha"]
[Black "Millet, Maud"]
[Result "0-1"]
[WhiteElo "1500"]
[BlackElo "1960"]
[PlyCount "74"]
[EventDate "2009.09.27"]
[EventType "team-tourn"]
[EventRounds "11"]
[EventCountry "FRA"]
[SourceTitle "EXT 2011"]
[Source "ChessBase"]
[SourceDate "2010.11.26"]
[SourceVersion "1"]
[SourceVersionDate "2010.11.26"]
[SourceQuality "1"]

1. e4 e5 2. Nf3 Nc6 3. Bc4 Be7 4. Nc3 Nf6 5. d3 0-0 6. 0-0 d6 7. h3 Na5 8. Nd2 c6 9. a3 Nxc4 10. Nxc4 Qc7 11. f4 b5 12. fxe5 dxe5 13. Ne3 g6 14. Qf3 Be6 15. Ned1 Ne8 16. Bh6 Ng7 17. Ne3 f6 18. Rf2 Rf7 19. Raf1 Raf8 20. Ng4 Bxg4 21. Qxg4 Bc5 22. Nd1 Bxf2+ 23. Rxf2 a5 24. Bd2 Re8 25. Qh4 Ref8 26. Ne3 f5 27. exf5 Nxf5 28. Qe4 Nxe3 29. Bxe3 Rxf2 30. Bxf2 Qd6 31. Be1 Rf4 32. Qe2 b4 33. a4 Qd4+ 34. Bf2 Qxb2 35. Bb6 b3 36. Bxa5 bxc2 37. Bd2 c1Q+ 0-1

[Event "FRA-chT2 North 0809"]
[Site "France"]
[Date "2009.04.05"]
[Round "11.8"]
[White "Silvert, Thierry"]
[Black "Millet, Maud"]
[Result "0-1"]
[WhiteElo "1610"]
[BlackElo "1943"]
[PlyCount "82"]
[EventDate "2008.10.19"]
[EventType "tourn"]
[EventRounds "11"]
[EventCountry "FRA"]
[SourceTitle "EXT 2010"]
[Source "ChessBase"]
[SourceDate "2010.11.25"]
[SourceVersion "1"]
[SourceVersionDate "2010.11.25"]
[SourceQuality "1"]
[WhiteTeam "Noyon II"]
[BlackTeam "Le Vesinet"]
[WhiteTeamCountry "FRA"]
[BlackTeamCountry "FRA"]

1. c4 d6 2. Nc3 e5 3. g3 Nf6 4. Bg2 Nbd7 5. d3 Be7 6. Nf3 0-0 7. 0-0 c6 8. Ne1 a5 9. Nc2 Qc7 10. a4 Nc5 11. b4 Nb3 12. Rb1 Nxc1 13. Qxc1 axb4 14. Nxb4 Nd7 15. Qc2 Nc5 16. Ra1 f5 17. Rfb1 Ne6 18. Ra3 f4 19. Ne4 fxg3 20. hxg3 Bg5 21. a5 Nd4 22. Qd1 Be7 23. e3 Nf5 24. Nc3 Rxa5 25. Rxa5 Qxa5 26. Be4 Nh6 27. d4 Ng4 28. f4 Nxe3 29. Qh5 Bf5 30. dxe5 dxe5 31. Kf2 Bxe4 32. Nxe4 Bxb4 33. Rh1 exf4 34. Qxh7+ Kf7 35. Rh5 Qa2+ 36. Kf3 Qg2+ 37. Kxf4 Ke6+ 38. Kg5 Rf5+ 39. Kg6 Rxh5 40. Qg8+ Ke5 41. Qe8+ Kd4 0-1

[Event "FRA-chT2 North 0809"]
[Site "France"]
[Date "2009.02.08"]
[Round "7.7"]
[White "Millet, Maud"]
[Black "Mayer, Philippe"]
[Result "1/2-1/2"]
[WhiteElo "1943"]
[BlackElo "1870"]
[PlyCount "68"]
[EventDate "2008.10.19"]
[EventType "tourn"]
[EventRounds "11"]
[EventCountry "FRA"]
[SourceTitle "EXT 2010"]
[Source "ChessBase"]
[SourceDate "2010.11.25"]
[SourceVersion "1"]
[SourceVersionDate "2010.11.25"]
[SourceQuality "1"]
[WhiteTeam "Le Vesinet"]
[BlackTeam "Chess XV"]
[WhiteTeamCountry "FRA"]
[BlackTeamCountry "FRA"]

1. d4 d5 2. Nf3 Nf6 3. g3 Bf5 4. Bg2 e6 5. 0-0 Bd6 6. Re1 h6 7. Nbd2 Nbd7 8. c3 c6 9. a4 a5 10. b3 Qe7 11. Nf1 Ne4 12. Bb2 0-0 13. N3d2 Ndf6 14. f3 Nxd2 15. Qxd2 Bg6 16. e4 dxe4 17. fxe4 Nd7 18. e5 Bc7 19. Ba3 c5 20. Bxb7 Rab8 21. Qg2 Rfd8 22. Qc6 Bb6 23. Ba6 Bc2 24. Bc4 Rbc8 25. Qg2 Bg6 26. Rad1 Qg5 27. Bc1 Qe7 28. Be3 cxd4 29. Bxd4 Bxd4+ 30. Rxd4 Qc5 31. Qd2 Nb6 32. Ne3 Rxd4 33. Qxd4 Nxc4 34. Nxc4 Bc2 1/2-1/2

[Event "FRA-chT2 North 0809"]
[Site "France"]
[Date "2008.10.19"]
[Round "1.8"]
[White "Le Fort, Sophie"]
[Black "Millet, Maud"]
[Result "0-1"]
[WhiteElo "1390"]
[BlackElo "1943"]
[PlyCount "42"]
[EventDate "2008.10.19"]
[EventType "tourn"]
[EventRounds "11"]
[EventCountry "FRA"]
[SourceTitle "EXT 2010"]
[Source "ChessBase"]
[SourceDate "2010.11.25"]
[SourceVersion "1"]
[SourceVersionDate "2010.11.25"]
[SourceQuality "1"]
[WhiteTeam "Saint Mande"]
[BlackTeam "Le Vesinet"]
[WhiteTeamCountry "FRA"]
[BlackTeamCountry "FRA"]

1. e4 d6 2. d4 Nf6 3. Nc3 Nbd7 4. f4 e5 5. d5 Be7 6. Bd3 c6 7. Nf3 Qc7 8. fxe5 dxe5 9. Bg5 0-0 10. Rb1 a5 11. 0-0 h6 12. Bh4 Bc5+ 13. Bf2 Bxf2+ 14. Rxf2 Ng4 15. Re2 Qb6+ 16. Kf1 Ne3+ 17. Rxe3 Qxe3 18. Ne2 cxd5 19. Nh4 Nf6 20. exd5 Ng4 21. Bh7+ Kh8 0-1

[Event "FRA-chT2 Nord 0708"]
[Site "France"]
[Date "2007.11.25"]
[Round "3.7"]
[White "Millet, Maud"]
[Black "Garcia, Jean Marc"]
[Result "1-0"]
[WhiteElo "1910"]
[BlackElo "1942"]
[PlyCount "95"]
[EventDate "2007.10.21"]
[EventType "team-tourn"]
[EventRounds "11"]
[EventCountry "FRA"]
[SourceTitle "EXT 2009"]
[Source "ChessBase"]
[SourceDate "2008.11.26"]
[SourceVersion "1"]
[SourceVersionDate "2008.11.26"]
[SourceQuality "1"]
[WhiteTeam "Le Vesinet"]
[BlackTeam "Arcueil"]
[WhiteTeamCountry "FRA"]
[BlackTeamCountry "FRA"]

1. e4 e6 2. d4 d5 3. e5 c5 4. c3 Bd7 5. Nf3 Qb6 6. Bd3 Bb5 7. 0-0 Bxd3 8. Qxd3 Qa6 9. Qd1 Nc6 10. Nbd2 cxd4 11. cxd4 Qd3 12. Nb3 Qxd1 13. Rxd1 f6 14. Bd2 Kd7 15. Rac1 b6 16. Rc2 Nge7 17. Rdc1 Rc8 18. a4 a5 19. Bc3 Ng6 20. Bxa5 bxa5 21. Nxa5 Nxa5 22. Rxc8 Nc4 23. R1xc4 dxc4 24. Rxc4 Be7 25. exf6 gxf6 26. Ne1 Rc8 27. Rxc8 Kxc8 28. Nd3 Bd6 29. Kf1 Nf4 30. Nxf4 Bxf4 31. Ke2 Kb7 32. g3 Bc7 33. Kd3 Ba5 34. Kc4 Be1 35. f3 Kc6 36. g4 Bd2 37. b4 Kb6 38. d5 exd5+ 39. Kxd5 Bxb4 40. Ke6 Bc3 41. Kf7 Be5 42. h4 Ka5 43. Kg7 h5 44. Kg6 hxg4 45. fxg4 Bg3 46. h5 Be5 47. h6 Kxa4 48. Kf5 1-0

[Event "FRA-chT2 Nord 0708"]
[Site "France"]
[Date "2007.11.24"]
[Round "2.7"]
[White "Launiau, Severin"]
[Black "Millet, Maud"]
[Result "1-0"]
[WhiteElo "2141"]
[BlackElo "1910"]
[PlyCount "95"]
[EventDate "2007.10.21"]
[EventType "team-tourn"]
[EventRounds "11"]
[EventCountry "FRA"]
[SourceTitle "EXT 2009"]
[Source "ChessBase"]
[SourceDate "2008.11.26"]
[SourceVersion "1"]
[SourceVersionDate "2008.11.26"]
[SourceQuality "1"]
[WhiteTeam "Issy les Moulineaux"]
[BlackTeam "Le Vesinet"]
[WhiteTeamCountry "FRA"]
[BlackTeamCountry "FRA"]

1. c4 d6 2. g3 Nd7 3. Bg2 e5 4. Nc3 Ngf6 5. d3 c6 6. e4 Be7 7. Nf3 0-0 8. 0-0 Qc7 9. h3 Nc5 10. Be3 Nfd7 11. b4 Ne6 12. Qb3 Bf6 13. Ne2 c5 14. b5 b6 15. a4 a5 16. Nc3 Bb7 17. Qd1 Rae8 18. Nh2 g6 19. Bh6 Bg7 20. Qd2 f6 21. Ng4 Qd8 22. f4 Nd4 23. Rae1 Bxh6 24. Nxh6+ Kg7 25. Ng4 h5 26. Ne3 Ne6 27. f5 Ng5 28. h4 Nf7 29. fxg6 Kxg6 30. Qf2 Nh6 31. Nf5 Nf7 32. Bh3 Nb8 33. Nd1 Bc8 34. Nde3 Be6 35. Qf3 Rg8 36. Re2 Nh6 37. Ref2 Nd7 38. Kh2 Ref8 39. Nxd6 Bxh3 40. Kxh3 Qe7 41. Ndf5 Qf7 42. Rg2 Kh7 43. Nxh6 Kxh6 44. Rfg1 Rd8 45. Nf5+ Kh7 46. g4 Nf8 47. Qe3 Rxg4 48. Qh6+ 1-0